[Event "SVK-chT2D 1920"]
[Site "Slovakia"]
[Date "2020.02.16"]
[Round "9.5"]
[White "Petko, Peter"]
[Black "Hlinka, Michal"]
[Result "0-1"]
[WhiteElo "1811"]
[BlackElo "2128"]
[PlyCount "78"]
[EventDate "2019.10.26"]
[EventType "team-tourn"]
[EventRounds "11"]
[EventCountry "SVK"]
[SourceTitle "CBM 195 Extra"]
[Source "ChessBase"]
[SourceDate "2020.05.31"]
[SourceVersion "1"]
[SourceVersionDate "2020.05.31"]
[SourceQuality "1"]
[WhiteTeam "Gelnica Slovan"]
[BlackTeam "Kosice Slavia UPJS III"]
[WhiteTeamCountry "SVK"]
[BlackTeamCountry "SVK"]

1. e4 c5 2. Nf3 d6 3. Nc3 Nf6 4. d4 cxd4 5. Nxd4 a6 6. Bd3 e5 7. Nb3 Be7 8. 0-0 0-0 9. h3 b5 10. a3 Bb7 11. Re1 Nbd7 12. Nd2 Nc5 13. b4 Nxd3 14. cxd3 d5 15. Bb2 d4 16. Ne2 Nd7 17. Ng3 g6 18. Rc1 Bg5 19. Rc2 Rc8 20. Nf3 Bf6 21. Rxc8 Bxc8 22. Bc1 Bg7 23. Qb3 Nb6 24. Bg5 Qd6 25. Rc1 Be6 26. Qc2 f6 27. Qc6 Rd8 28. Bd2 Bf8 29. Nh2 Rc8 30. Qxd6 Rxc1+ 31. Bxc1 Bxd6 32. Ne2 Bb3 33. Bb2 Na4 34. Ba1 Bc2 35. Nc1 Kf7 36. Kf1 a5 37. Ke2 axb4 38. axb4 Bxb4 39. Nf3 Nc5 0-1

[Event "SVK-chT2D 1920"]
[Site "Slovakia"]
[Date "2020.02.15"]
[Round "8.5"]
[White "Hlinka, Michal"]
[Black "Starzec, Juraj"]
[Result "1-0"]
[WhiteElo "2128"]
[BlackElo "1945"]
[PlyCount "71"]
[EventDate "2019.10.26"]
[EventType "team-tourn"]
[EventRounds "11"]
[EventCountry "SVK"]
[SourceTitle "CBM 195 Extra"]
[Source "ChessBase"]
[SourceDate "2020.05.31"]
[SourceVersion "1"]
[SourceVersionDate "2020.05.31"]
[SourceQuality "1"]
[WhiteTeam "Kosice Slavia UPJS III"]
[BlackTeam "Margecany"]
[WhiteTeamCountry "SVK"]
[BlackTeamCountry "SVK"]

1. d4 Nf6 2. Nf3 g6 3. g3 Bg7 4. Bg2 0-0 5. c4 d6 6. 0-0 Nc6 7. Nc3 a6 8. h3 Rb8 9. a4 Na5 10. b3 c5 11. Be3 cxd4 12. Nxd4 Bd7 13. Rc1 Nc6 14. Qd2 Nxd4 15. Bxd4 Bc6 16. Nd5 Bxd5 17. cxd5 Qd7 18. Bb6 Rbc8 19. g4 h6 20. f4 Rxc1 21. Rxc1 Rc8 22. e4 Qe8 23. Bf2 Nd7 24. b4 a5 25. b5 b6 26. Rc6 Qd8 27. Qc2 Nc5 28. Bf1 Rb8 29. Kg2 Qd7 30. Bc4 Rb7 31. Kf3 g5 32. Be3 f6 33. f5 Qe8 34. Bxc5 dxc5 35. d6+ Kh7 36. Be6 1-0

[Event "SVK-chT2D 1920"]
[Site "Slovakia"]
[Date "2020.01.26"]
[Round "7.4"]
[White "Hlinka, Michal"]
[Black "Heinrich, Tomas"]
[Result "1/2-1/2"]
[WhiteElo "2128"]
[BlackElo "2040"]
[PlyCount "74"]
[EventDate "2019.10.26"]
[EventType "team-tourn"]
[EventRounds "11"]
[EventCountry "SVK"]
[SourceTitle "CBM 194 Extra"]
[Source "ChessBase"]
[SourceDate "2020.03.31"]
[SourceVersion "1"]
[SourceVersionDate "2020.03.31"]
[SourceQuality "1"]
[WhiteTeam "Kosice Slavia UPJS III"]
[BlackTeam "Moldava nad Bodvou"]
[WhiteTeamCountry "SVK"]
[BlackTeamCountry "SVK"]

1. d4 d5 2. Nf3 c5 3. c3 Nc6 4. e3 Nf6 5. Bd3 g6 6. Nbd2 Bg7 7. dxc5 a5 8. 0-0 0-0 9. e4 e6 10. a4 Qe7 11. exd5 Nxd5 12. Ne4 h6 13. Bc4 b6 14. cxb6 Bb7 15. Qb3 Ne5 16. Nxe5 Bxe5 17. Re1 Qh4 18. g3 Qh3 19. Bf1 Qh5 20. Bg2 Rad8 21. c4 Nb4 22. Be3 Rd3 23. Nc3 Bxg2 24. Kxg2 Bd4 25. Rad1 Bxe3 26. Rxd3 Bxf2 27. Red1 Bxb6 28. Rf3 Qe5 29. Rd7 Bc5 30. Qd1 Nc6 31. Qe2 Qxe2+ 32. Nxe2 Ne5 33. Rdd3 Nxd3 34. Rxd3 Rb8 35. b3 Kf8 36. Ng1 Ke7 37. Nf3 f6 1/2-1/2

[Event "SVK-chT2D 1920"]
[Site "Slovakia"]
[Date "2019.12.15"]
[Round "6.4"]
[White "Kendi, Stefan"]
[Black "Hlinka, Michal"]
[Result "0-1"]
[WhiteElo "1995"]
[BlackElo "2128"]
[PlyCount "58"]
[EventDate "2019.10.26"]
[EventType "team-tourn"]
[EventRounds "11"]
[EventCountry "SVK"]
[SourceTitle "CBM 194 Extra"]
[Source "ChessBase"]
[SourceDate "2020.03.31"]
[SourceVersion "1"]
[SourceVersionDate "2020.03.31"]
[SourceQuality "1"]
[WhiteTeam "Velke Kapusany"]
[BlackTeam "Kosice Slavia UPJS III"]
[WhiteTeamCountry "SVK"]
[BlackTeamCountry "SVK"]

1. e4 c5 2. Nf3 d6 3. d4 cxd4 4. Nxd4 Nf6 5. Nc3 a6 6. Be2 e5 7. Nb3 Be7 8. Be3 Nc6 9. a4 0-0 10. f3 Be6 11. Qd2 Rc8 12. 0-0 Nb4 13. Rad1 Qc7 14. Nc1 d5 15. exd5 Nbxd5 16. Nxd5 Nxd5 17. Nd3 Qxc2 18. Rc1 Qxa4 19. Nxe5 Bb4 20. Qd4 Nxe3 21. Qxe3 Qa5 22. Rxc8 Rxc8 23. Nd3 Bd2 24. Qe4 Qd5 25. Nf2 Qxe4 26. Nxe4 Be3+ 27. Kh1 f5 28. Nd6 Rc2 29. Bd3 Rd2 0-1

[Event "SVK-chT2D 1920"]
[Site "Slovakia"]
[Date "2019.12.14"]
[Round "5.2"]
[White "Hlinka, Michal"]
[Black "Popovic, Martin"]
[Result "1-0"]
[WhiteElo "2128"]
[BlackElo "2037"]
[PlyCount "71"]
[EventDate "2019.10.26"]
[EventType "team-tourn"]
[EventRounds "11"]
[EventCountry "SVK"]
[SourceTitle "CBM 194 Extra"]
[Source "ChessBase"]
[SourceDate "2020.03.31"]
[SourceVersion "1"]
[SourceVersionDate "2020.03.31"]
[SourceQuality "1"]
[WhiteTeam "Kosice Slavia UPJS III"]
[BlackTeam "Kosice Slavia TU IV"]
[WhiteTeamCountry "SVK"]
[BlackTeamCountry "SVK"]

1. d4 d5 2. Nf3 Nf6 3. e3 e6 4. Bd3 c5 5. c3 Nc6 6. Nbd2 Be7 7. 0-0 0-0 8. dxc5 Bxc5 9. b4 Bd6 10. Bb2 e5 11. e4 Bg4 12. Re1 a5 13. exd5 Nxd5 14. b5 Nf4 15. Bc2 Na7 16. c4 f6 17. a4 Bb4 18. Re3 Bxd2 19. Qxd2 Bxf3 20. Qxd8 Rfxd8 21. gxf3 Rd2 22. Rc1 Ne2+ 23. Rxe2 Rxe2 24. Bc3 Rc8 25. Bxa5 Ra8 26. Bb4 Nc8 27. a5 Kf7 28. Kf1 Rxc2 29. Rxc2 Ne7 30. Rd2 Nf5 31. Rd7+ Kg6 32. Rxb7 Nd4 33. a6 Nxf3 34. a7 Nd4 35. Bc5 Nb3 36. Rb8 1-0

[Event "SVK-chT1E 1920"]
[Site "Slovakia"]
[Date "2019.11.09"]
[Round "3.6"]
[White "Medvec, Miroslav"]
[Black "Hlinka, Michal"]
[Result "1-0"]
[WhiteElo "2031"]
[BlackElo "2113"]
[PlyCount "83"]
[EventDate "2019.10.12"]
[EventType "team-tourn"]
[EventRounds "11"]
[EventCountry "SVK"]
[SourceTitle "CBM 193 Extra"]
[Source "ChessBase"]
[SourceDate "2020.01.31"]
[SourceVersion "1"]
[SourceVersionDate "2020.01.31"]
[SourceQuality "1"]
[WhiteTeam "Liptov Chess School II"]
[BlackTeam "Kosice Slavia TU II"]
[WhiteTeamCountry "SVK"]
[BlackTeamCountry "SVK"]

1. e4 c5 2. Nf3 d6 3. d4 cxd4 4. Nxd4 Nf6 5. Nc3 a6 6. Bg5 Nbd7 7. f4 g6 8. Qf3 Bg7 9. 0-0-0 Qc7 10. Bd3 0-0 11. h4 Nb6 12. f5 e5 13. Nde2 h6 14. Be3 h5 15. Kb1 Kh7 16. Ng1 Bd7 17. Nh3 Rac8 18. Nf2 Na4 19. Nxa4 Bxa4 20. Rd2 Bb5 21. Qe2 Bxd3 22. Qxd3 Rfd8 23. fxg6+ fxg6 24. Nh3 Qc4 25. Ng5+ Kg8 26. Rhd1 Qxd3 27. Rxd3 Rc4 28. Rxd6 Re8 29. b3 Rc3 30. R1d3 Rcc8 31. Rb6 Rc7 32. Rdd6 Rf8 33. Ne6 Nxe4 34. Nxc7 Rf1+ 35. Kb2 Nxd6 36. Rxd6 e4+ 37. Bd4 Re1 38. c3 e3 39. Rxg6 e2 40. Rxg7+ Kf8 41. Ne6+ Ke8 42. Bc5 1-0

[Event "SVK-chT2D 1819"]
[Site "Slovakia"]
[Date "2019.02.03"]
[Round "7.5"]
[White "Hlinka, Michal"]
[Black "Belis, Rudolf"]
[Result "1-0"]
[WhiteElo "2158"]
[BlackElo "1957"]
[PlyCount "79"]
[EventDate "2018.10.13"]
[EventType "team-tourn"]
[EventRounds "11"]
[EventCountry "SVK"]
[SourceTitle "CBM 189 Extra"]
[Source "ChessBase"]
[SourceDate "2019.06.03"]
[SourceVersion "1"]
[SourceVersionDate "2019.06.03"]
[SourceQuality "1"]
[WhiteTeam "Kosice Slavia UPJS III"]
[BlackTeam "Presov Tatran Dason"]
[WhiteTeamCountry "SVK"]
[BlackTeamCountry "SVK"]

1. d4 d5 2. Nf3 Nf6 3. c4 c6 4. Qc2 g6 5. g3 Bf5 6. Qb3 Qb6 7. Bg2 Bg7 8. 0-0 0-0 9. Nc3 dxc4 10. Qxc4 Na6 11. Rd1 Qb4 12. Ne5 Qxc4 13. Nxc4 Rad8 14. e4 Bg4 15. f3 Bc8 16. Be3 Nc7 17. Rac1 b6 18. Kh1 Bb7 19. b4 Nd7 20. f4 Nb8 21. a3 Ba6 22. Ne5 Nb5 23. a4 Nxc3 24. Rxc3 Rc8 25. Rdc1 Bb7 26. Kg1 Rfd8 27. Bh3 e6 28. f5 Re8 29. fxe6 fxe6 30. Nd3 Rcd8 31. e5 Bc8 32. Nf4 Bd7 33. b5 cxb5 34. axb5 g5 35. Nh5 Bxb5 36. Rc7 Rd7 37. Rc8 Rdd8 38. Bxe6+ Kf8 39. Rxd8 Rxd8 40. Bxg5 1-0

[Event "SVK-chT1E 1819"]
[Site "Slovakia"]
[Date "2019.02.02"]
[Round "7.3"]
[White "Fiacan, Robert"]
[Black "Hlinka, Michal"]
[Result "1-0"]
[WhiteElo "2242"]
[BlackElo "2143"]
[PlyCount "51"]
[EventDate "2018.10.27"]
[EventType "team-tourn"]
[EventRounds "11"]
[EventCountry "SVK"]
[SourceTitle "CBM 188 Extra"]
[Source "ChessBase"]
[SourceDate "2019.02.26"]
[SourceVersion "1"]
[SourceVersionDate "2019.02.26"]
[SourceQuality "1"]
[WhiteTeam "Kosice 1 CC"]
[BlackTeam "Kosice Slavia UPJS"]
[WhiteTeamCountry "SVK"]
[BlackTeamCountry "SVK"]

1. e4 c5 2. Nc3 Nc6 3. Bb5 g6 4. f4 Bg7 5. Nf3 Nd4 6. Bc4 e6 7. 0-0 a6 8. Nxd4 cxd4 9. Ne2 Ne7 10. d3 d5 11. Bb3 0-0 12. e5 Nc6 13. c3 dxc3 14. bxc3 d4 15. c4 f6 16. exf6 Bxf6 17. Ng3 Kh8 18. Ne4 Be7 19. c5 e5 20. fxe5 Rxf1+ 21. Qxf1 Nxe5 22. Bf4 Nc6 23. Ng5 Kg7 24. Nf7 Qa5 25. Bh6+ Kg8 26. Ng5+ 1-0

[Event "SVK-chT2D 1819"]
[Site "Slovakia"]
[Date "2018.11.17"]
[Round "3.3"]
[White "Hlinka, Michal"]
[Black "Mrvova, Alena"]
[Result "0-1"]
[WhiteElo "2158"]
[BlackElo "2162"]
[PlyCount "36"]
[EventDate "2018.10.13"]
[EventType "team-tourn"]
[EventRounds "11"]
[EventCountry "SVK"]
[SourceTitle "CBM 187 Extra"]
[Source "ChessBase"]
[SourceDate "2018.11.04"]
[SourceVersion "1"]
[SourceVersionDate "2018.11.04"]
[SourceQuality "1"]
[WhiteTeam "Kosice Slavia UPJS III"]
[BlackTeam "Humenne Reinter"]
[WhiteTeamCountry "SVK"]
[BlackTeamCountry "SVK"]

1. d4 Nf6 2. Nf3 g6 3. g3 Bg7 4. Bg2 c5 5. c3 0-0 6. 0-0 cxd4 7. cxd4 d6 8. Nc3 Nc6 9. d5 Ne5 10. Nxe5 dxe5 11. Qb3 Ne8 12. a4 Nd6 13. a5 Bf5 14. Be3 Qd7 15. Rfc1 Bh3 16. Bxh3 Qxh3 17. Nb5 Nf5 18. Bc5 Nh4 0-1

[Event "SVK-chT2D 1718"]
[Site "Slovakia"]
[Date "2018.02.04"]
[Round "7.4"]
[White "Timko, Milan"]
[Black "Hlinka, Michal"]
[Result "0-1"]
[WhiteElo "2040"]
[BlackElo "2185"]
[PlyCount "74"]
[EventDate "2017.10.28"]
[EventType "team-tourn"]
[EventRounds "11"]
[EventCountry "SVK"]
[SourceTitle "EXT 2019"]
[Source "ChessBase"]
[SourceDate "2018.10.10"]
[SourceVersion "1"]
[SourceVersionDate "2018.10.10"]
[SourceQuality "1"]
[WhiteTeam "Kosice 1 CC"]
[BlackTeam "Kosice Slavia UPJS III"]
[WhiteTeamCountry "SVK"]
[BlackTeamCountry "SVK"]

1. d4 d5 2. Bf4 Nf6 3. e3 c5 4. c3 e6 5. Nf3 Nc6 6. Nbd2 Be7 7. Ne5 0-0 8. Bd3 cxd4 9. exd4 Qb6 10. Qc2 Rd8 11. 0-0-0 Bd7 12. g4 h6 13. Rdg1 Nxd4 14. Qd1 Rac8 15. Be3 Rxc3+ 16. Kb1 Rxd3 17. Nxd3 Qb5 18. Nb3 Nxb3 19. Qxb3 d4 20. Bf4 Qxb3 21. axb3 Bc6 22. h3 Be4 23. Rd1 Nd5 24. Rhe1 Bxd3+ 25. Rxd3 Nxf4 26. Rf3 g5 27. h4 Ng2 28. Rc1 Nxh4 29. Rd3 e5 30. Rc7 e4 31. Rd1 Bf6 32. Rxb7 d3 33. Rxa7 Ng6 34. Re1 Ne5 35. Ra6 Kg7 36. Ra4 Nxg4 37. f3 d2 0-1

[Event "SVK-chT 1718"]
[Site "Slovakia"]
[Date "2017.12.10"]
[Round "6.2"]
[White "Hlinka, Michal"]
[Black "Zambor, Norbert"]
[Result "1/2-1/2"]
[WhiteElo "2155"]
[BlackElo "2261"]
[PlyCount "63"]
[EventDate "2017.09.30"]
[EventType "team-tourn"]
[EventRounds "11"]
[EventCountry "SVK"]
[SourceTitle "EXT 2019"]
[Source "ChessBase"]
[SourceDate "2018.10.10"]
[SourceVersion "1"]
[SourceVersionDate "2018.10.10"]
[SourceQuality "1"]
[WhiteTeam "Kosice Slavia UPJS"]
[BlackTeam "Prakovce"]
[WhiteTeamCountry "SVK"]
[BlackTeamCountry "SVK"]

1. d4 Nf6 2. Nf3 e6 3. g3 c5 4. c3 Nc6 5. Bg2 d5 6. 0-0 Bd6 7. dxc5 Bxc5 8. b4 Bd6 9. a3 0-0 10. Nd4 Bd7 11. Bb2 Rc8 12. Nd2 Nxd4 13. cxd4 a5 14. Qb3 axb4 15. axb4 Qb6 16. Bc3 Bb5 17. Bf3 Rc6 18. Rfc1 Rfc8 19. e3 h6 20. Bg2 Be7 21. h3 Qd8 22. Qb2 Qc7 23. Ra3 Bd3 24. Bf1 Bxf1 25. Kxf1 Ne8 26. Rb3 b5 27. Nf3 f6 28. Ne1 Nd6 29. Nd3 Nc4 30. Qe2 Ra8 31. Nc5 f5 32. Rbb1 1/2-1/2

[Event "SVK-chT1E 1617"]
[Site "Slovakia"]
[Date "2017.02.26"]
[Round "9.6"]
[White "Hlinka, Michal"]
[Black "Balazs, Attila"]
[Result "1-0"]
[WhiteElo "2158"]
[BlackElo "2025"]
[PlyCount "69"]
[EventDate "2016.10.15"]
[EventType "team-tourn"]
[EventRounds "11"]
[EventCountry "SVK"]
[SourceTitle "EXT 2018"]
[Source "ChessBase"]
[SourceDate "2017.10.13"]
[SourceVersion "1"]
[SourceVersionDate "2017.10.13"]
[SourceQuality "1"]
[WhiteTeam "Kosice Slavia TU"]
[BlackTeam "Jelsava Magnezit"]
[WhiteTeamCountry "SVK"]
[BlackTeamCountry "SVK"]

1. d4 Nf6 2. Nf3 e6 3. g3 c5 4. Bg2 cxd4 5. Nxd4 Be7 6. 0-0 0-0 7. c4 Nc6 8. Nc3 a6 9. h3 Qc7 10. b3 d6 11. Be3 Rb8 12. Rc1 Bd7 13. Qd2 Rfd8 14. Nd5 exd5 15. cxd5 Nxd5 16. Bxd5 Bxh3 17. Nxc6 bxc6 18. Rxc6 Qd7 19. Rfc1 Qg4 20. R1c4 Qg6 21. Rc7 Re8 22. Bc6 Bd8 23. Ra7 Rf8 24. Rxa6 d5 25. Rca4 Bc8 26. Ra8 Qxc6 27. Rxb8 Bc7 28. Rba8 d4 29. Qxd4 Rd8 30. Qe4 Qb5 31. Rc4 Qh5 32. Rxc8 Rxc8 33. Rxc7 Rd8 34. Qd3 Ra8 35. Qa6 1-0

[Event "SVK-chT2D 1617"]
[Site "Slovakia"]
[Date "2017.02.11"]
[Round "8.1"]
[White "Hlinka, Michal"]
[Black "Kravec, Patrik"]
[Result "1-0"]
[WhiteElo "2150"]
[BlackElo "2085"]
[PlyCount "75"]
[EventDate "2016.10.08"]
[EventType "team-tourn"]
[EventRounds "11"]
[EventCountry "SVK"]
[SourceTitle "EXT 2018"]
[Source "ChessBase"]
[SourceDate "2017.10.13"]
[SourceVersion "1"]
[SourceVersionDate "2017.10.13"]
[SourceQuality "1"]
[WhiteTeam "Kosice Slavia UPJS III"]
[BlackTeam "Sabinov II"]
[WhiteTeamCountry "SVK"]
[BlackTeamCountry "SVK"]

1. d4 Nf6 2. Nf3 g6 3. g3 Bg7 4. Bg2 0-0 5. 0-0 d6 6. c4 c6 7. Nc3 Qa5 8. h3 Qa6 9. b3 b5 10. cxb5 cxb5 11. Bb2 Bb7 12. a3 Qb6 13. Qd3 a6 14. Rfd1 Nc6 15. e4 Rfd8 16. d5 Na5 17. Ne2 Nd7 18. Bxg7 Kxg7 19. Nfd4 Rac8 20. Qe3 Re8 21. h4 Kh8 22. Bh3 Rc7 23. h5 gxh5 24. Bxd7 Rxd7 25. Qh6 Rg8 26. Qxh5 e6 27. Qh3 Re7 28. Qh4 Ree8 29. Qf6+ Rg7 30. dxe6 fxe6 31. Nxe6 Rxe6 32. Qxe6 Rg6 33. Qe8+ Rg8 34. Qe7 Nxb3 35. Qf6+ Rg7 36. Rxd6 Qxd6 37. Qxd6 Nxa1 38. Qb8+ 1-0

[Event "SVK-chT2D 1617"]
[Site "Slovakia"]
[Date "2016.12.03"]
[Round "5.2"]
[White "Hlinka, Michal"]
[Black "Vojtko, Marek"]
[Result "1-0"]
[WhiteElo "2150"]
[BlackElo "1996"]
[PlyCount "47"]
[EventDate "2016.10.08"]
[EventType "team-tourn"]
[EventRounds "11"]
[EventCountry "SVK"]
[SourceTitle "EXT 2018"]
[Source "ChessBase"]
[SourceDate "2017.10.13"]
[SourceVersion "1"]
[SourceVersionDate "2017.10.13"]
[SourceQuality "1"]
[WhiteTeam "Kosice Slavia UPJS III"]
[BlackTeam "Kosice Slavia TU IV"]
[WhiteTeamCountry "SVK"]
[BlackTeamCountry "SVK"]

1. d4 e6 2. Nf3 f5 3. g3 Nf6 4. Bg2 d5 5. 0-0 Bd6 6. b3 Qe7 7. c4 c6 8. Bb2 0-0 9. Qc1 Nbd7 10. Ne5 Ne4 11. Nxd7 Bxd7 12. f3 Nxg3 13. hxg3 Bxg3 14. f4 g5 15. fxg5 f4 16. Nd2 Qxg5 17. Nf3 Qh5 18. Qc3 Rf7 19. Rfd1 Rg7 20. Kf1 e5 21. dxe5 Bh3 22. e6 Bxg2+ 23. Kxg2 Be1+ 24. Qxg7# 1-0

[Event "SVK-chT2D 1516"]
[Site "Slovakia"]
[Date "2015.11.08"]
[Round "4.2"]
[White "Hlinka, Michal"]
[Black "Bemak, Mikhail"]
[Result "1/2-1/2"]
[WhiteElo "2174"]
[BlackElo "2143"]
[PlyCount "90"]
[EventDate "2015.10.17"]
[EventType "team-tourn"]
[EventRounds "11"]
[EventCountry "SVK"]
[SourceTitle "CBM 169 Extra"]
[Source "ChessBase"]
[SourceDate "2015.12.18"]
[SourceVersion "1"]
[SourceVersionDate "2015.12.18"]
[SourceQuality "1"]
[WhiteTeam "Kosice Slavia UPJS III"]
[BlackTeam "Velke Kapusany"]
[WhiteTeamCountry "SVK"]
[BlackTeamCountry "SVK"]

1. d4 Nf6 2. Nf3 b6 3. g3 Bb7 4. Bg2 e6 5. 0-0 Be7 6. c4 0-0 7. Nc3 d5 8. Ne5 Nbd7 9. Qa4 Nxe5 10. dxe5 Ne8 11. cxd5 exd5 12. Rd1 c6 13. e4 b5 14. Nxb5 cxb5 15. Qxb5 Qb6 16. Qxb6 axb6 17. exd5 Bc5 18. d6 Bxg2 19. Kxg2 f6 20. f4 Kf7 21. a3 Ke6 22. Rb1 b5 23. b4 Ba7 24. Rb2 Rf7 25. f5+ Kxe5 26. d7 Nd6 27. Bf4+ Kxf5 28. Rxd6 Rd8 29. Rbd2 g5 30. R2d5+ Ke4 31. Bc1 Bb8 32. Rd4+ Kf5 33. g4+ Ke5 34. R6d5+ Ke6 35. Rxb5 Rfxd7 36. Rxd7 Kxd7 37. Be3 Kc8 38. a4 Rd3 39. Kf2 Bxh2 40. Rf5 Bg1+ 41. Kxg1 Rxe3 42. b5 Rg3+ 43. Kh2 Rxg4 44. a5 Rb4 45. b6 Ra4 1/2-1/2

[Event "SVK-chT2D 14/15"]
[Site "Slovakia"]
[Date "2015.02.14"]
[Round "8.2"]
[White "Koval, Maros"]
[Black "Hlinka, Michal"]
[Result "1/2-1/2"]
[WhiteElo "2098"]
[BlackElo "2207"]
[PlyCount "38"]
[EventDate "2014.10.11"]
[EventType "team-tourn"]
[EventRounds "11"]
[EventCountry "SVK"]
[SourceTitle "EXT 2019"]
[Source "ChessBase"]
[SourceDate "2018.10.10"]
[SourceVersion "1"]
[SourceVersionDate "2018.10.10"]
[SourceQuality "1"]
[WhiteTeam "Presov Tatran Dason"]
[BlackTeam "Kosice Slavia UPJS III"]
[WhiteTeamCountry "SVK"]
[BlackTeamCountry "SVK"]

1. d4 Nf6 2. Nf3 g6 3. c4 Bg7 4. Nc3 d6 5. e4 0-0 6. Be2 Nbd7 7. 0-0 e5 8. d5 Nc5 9. Qc2 a5 10. Be3 Ng4 11. Bxc5 dxc5 12. Rad1 Re8 13. Nb5 Bf8 14. h3 Nh6 15. d6 cxd6 16. Nxd6 Bxd6 17. Qd2 Ra6 18. Qxh6 Qf6 19. Rd2 Bf8 1/2-1/2

[Event "SVK-chT2D 1314"]
[Site "Slovakia"]
[Date "2014.01.12"]
[Round "6.5"]
[White "Hlinka, Michal"]
[Black "Zido, Peter"]
[Result "1-0"]
[WhiteElo "2201"]
[BlackElo "1925"]
[PlyCount "75"]
[EventDate "2013.10.19"]
[EventType "team-tourn"]
[EventRounds "11"]
[EventCountry "SVK"]
[SourceTitle "EXT 2015"]
[Source "ChessBase"]
[SourceDate "2014.11.20"]
[SourceVersion "1"]
[SourceVersionDate "2014.11.20"]
[SourceQuality "1"]
[WhiteTeam "Kosice Slavia UPJS III"]
[BlackTeam "Humenne II"]
[WhiteTeamCountry "SVK"]
[BlackTeamCountry "SVK"]

1. d4 d5 2. Nf3 Nf6 3. g3 b6 4. Bg2 Bb7 5. 0-0 e6 6. c4 Be7 7. Nc3 0-0 8. Ne5 Nbd7 9. cxd5 exd5 10. Qa4 Nxe5 11. dxe5 Ne8 12. Rd1 c6 13. e4 Nc7 14. exd5 cxd5 15. Qb3 Bc5 16. Nxd5 Nxd5 17. Bxd5 Bxd5 18. Rxd5 Qe7 19. Be3 Rac8 20. Rad1 Bxe3 21. Qxe3 Qb4 22. Qd2 Qe4 23. Qd3 Qg4 24. Kg2 h6 25. Rd2 Rfe8 26. h3 Qe6 27. f4 Qc6 28. Kh2 Qc1 29. Qb3 Rc7 30. Qd1 Qc4 31. b3 Qe4 32. R5d4 Qe3 33. Qe2 Qc3 34. Qd3 Qc1 35. Qe4 Qf1 36. Rd8 Qb5 37. e6 f5 38. Qe5 1-0

[Event "SVK-chT2D 1213"]
[Site "Slovakia"]
[Date "2013.03.17"]
[Round "11.5"]
[White "Hlinka, Michal"]
[Black "Starzec, Juraj"]
[Result "1-0"]
[WhiteElo "2196"]
[BlackElo "2016"]
[PlyCount "77"]
[EventDate "2012.10.13"]
[EventType "team-tourn"]
[EventRounds "11"]
[EventCountry "SVK"]
[SourceTitle "EXT 2015"]
[Source "ChessBase"]
[SourceDate "2014.11.20"]
[SourceVersion "1"]
[SourceVersionDate "2014.11.20"]
[SourceQuality "1"]
[WhiteTeam "Kosice Slavia UPJS III"]
[BlackTeam "Margecany"]
[WhiteTeamCountry "SVK"]
[BlackTeamCountry "SVK"]

1. d4 Nf6 2. Nf3 g6 3. g3 Bg7 4. Bg2 0-0 5. 0-0 d6 6. c4 Na6 7. Nc3 c5 8. h3 cxd4 9. Nxd4 Nc5 10. b3 Rb8 11. Bb2 Bd7 12. Rc1 Qc8 13. Kh2 Ne6 14. Nd5 Nxd5 15. cxd5 Nc7 16. Qd2 Qd8 17. Bc3 Na6 18. Ba5 Qe8 19. Qe3 Bf6 20. h4 Rc8 21. Bf3 h5 22. Rfd1 Rxc1 23. Rxc1 Qb8 24. Bc3 Rc8 25. Bg2 Qc7 26. Qd2 Nb4 27. e3 Na6 28. Bb2 Qd8 29. Rxc8 Qxc8 30. Ne2 Bxb2 31. Qxb2 Qc5 32. Nf4 Nb4 33. Be4 Kh7 34. Nxh5 f6 35. Qb1 f5 36. Nf4 fxe4 37. Qxe4 Bf5 38. Qxe7+ Kh8 39. Qf6+ 1-0

[Event "SVK-chT 1213"]
[Site "Slovakia"]
[Date "2013.03.01"]
[Round "9.6"]
[White "Hlinka, Michal"]
[Black "Kusiak, Matej"]
[Result "1-0"]
[WhiteElo "2196"]
[BlackElo "2179"]
[PlyCount "69"]
[EventDate "2012.10.27"]
[EventType "team-tourn"]
[EventRounds "11"]
[EventCountry "SVK"]
[SourceTitle "EXT 2014"]
[Source "ChessBase"]
[SourceDate "2013.11.20"]
[SourceVersion "1"]
[SourceVersionDate "2013.11.20"]
[SourceQuality "1"]
[WhiteTeam "Kosice"]
[BlackTeam "Kosice Slavia"]
[WhiteTeamCountry "SVK"]
[BlackTeamCountry "SVK"]

1. d4 g6 2. Nf3 Bg7 3. g3 Nf6 4. Bg2 0-0 5. 0-0 d6 6. c4 Nc6 7. Nc3 a6 8. e4 Rb8 9. a4 Re8 10. h3 e5 11. Be3 exd4 12. Nxd4 Nxd4 13. Bxd4 Be6 14. Qd3 Nd7 15. Bxg7 Kxg7 16. b3 Qf6 17. Kh2 Ne5 18. Qe3 c5 19. Rad1 Rbd8 20. Rd2 Nc6 21. Rfd1 Qe7 22. Ne2 f6 23. Qc3 Bf7 24. f4 h5 25. h4 Be6 26. f5 Bf7 27. fxg6 Bxg6 28. Nf4 Nd4 29. Rf2 Qe5 30. Nd5 Rf8 31. Rdf1 f5 32. exf5 Rxf5 33. Rxf5 Bxf5 34. Re1 Nf3+ 35. Bxf3 1-0

[Event "SVK-chT2D 1213"]
[Site "Slovakia"]
[Date "2013.02.16"]
[Round "8.5"]
[White "Hlinka, Michal"]
[Black "Krak, Tomas"]
[Result "1-0"]
[WhiteElo "2196"]
[BlackElo "2297"]
[PlyCount "139"]
[EventDate "2012.10.13"]
[EventType "team-tourn"]
[EventRounds "11"]
[EventCountry "SVK"]
[SourceTitle "EXT 2015"]
[Source "ChessBase"]
[SourceDate "2014.11.20"]
[SourceVersion "1"]
[SourceVersionDate "2014.11.20"]
[SourceQuality "1"]
[WhiteTeam "Kosice Slavia UPJS III"]
[BlackTeam "Prakovce"]
[WhiteTeamCountry "SVK"]
[BlackTeamCountry "SVK"]

1. d4 Nf6 2. Nf3 g6 3. g3 Bg7 4. Bg2 0-0 5. Rf1 d5 6. Nbd2 c5 7. dxc5 Na6 8. Nb3 Ne4 9. c3 e5 10. Nfd2 Nf6 11. Nb1 Qe7 12. Bg5 Be6 13. f4 exf4 14. Rxf4 h6 15. Bxf6 Bxf6 16. Kf1 Be5 17. Rf2 Nxc5 18. N1d2 Rad8 19. Nxc5 Qxc5 20. Nf3 Bg7 21. Nd4 Bc8 22. Qd2 Qe7 23. Re1 f5 24. Kg1 Kh7 25. e3 Rfe8 26. Rfe2 Qc7 27. Qd3 b6 28. Qb5 Qc5 29. Qxc5 bxc5 30. Nb3 Bf8 31. Kf2 Be6 32. Rd2 Rd7 33. Red1 Red8 34. Na5 Bg7 35. Nb3 Bf8 36. Na5 d4 37. exd4 cxd4 38. cxd4 Bb4 39. Nc6 Bxd2 40. Nxd8 Rxd8 41. Rxd2 Bxa2 42. d5 Kg7 43. Ke3 Kf6 44. Kd4 g5 45. b4 Bb3 46. Rd3 Bc2 47. Rc3 Bd1 48. Rc6+ Kf7 49. Rxh6 Kg7 50. Ra6 f4 51. Rxa7+ Kf6 52. Be4 f3 53. Ra6+ Ke7 54. Re6+ Kd7 55. Rf6 Ke7 56. Ke5 g4 57. d6+ Kd7 58. Bf5+ Ke8 59. Bxg4 Rb8 60. d7+ Ke7 61. Re6+ Kf7 62. Bh5+ Kg7 63. Rd6 Rb5+ 64. Kd4 f2 65. Rg6+ Kh7 66. d8Q Rxb4+ 67. Ke3 f1N+ 68. Kf2 Rb2+ 69. Kxf1 Be2+ 70. Bxe2 1-0